טוען...
Implementing IPsec/
| מחבר ראשי: | |
|---|---|
| פורמט: | Printed Book |
| יצא לאור: |
New York:
Wiley;
1999.
|
| LEADER | 00394nam a22001217a 4500 | ||
|---|---|---|---|
| 082 | |a 005.8 | ||
| 100 | |a Kaufman,Elizabeth and Newman,Andrew. | ||
| 245 | |a Implementing IPsec/ | ||
| 260 | |a New York: |b Wiley; |c 1999. | ||
| 300 | |a 271p. | ||
| 942 | |c REF | ||
| 999 | |c 262809 |d 262809 | ||
| 952 | |0 0 |1 0 |4 0 |6 005_800000000000000_KAU_I |7 0 |9 297171 |a CCS |b CCS |c REF |d 2013-03-01 |l 0 |o 005.8 KAU/I |p CCS1775 |r 2016-08-30 |w 2016-08-30 |y REF | ||